7-> Katowice Plac Wolności - Statystyki

Ogólne statystyki
  • Ten quiz został rozwiązany 14 razy
  • Średni wynik to 15 z 41
Statystyki odpowiedzi
Miasto Przystanek % Poprawnych
Katowice Katowice Plac Wolności
71%
Zabrze Zabrze Goethego
71%
Katowice Dąb Huta Baildon
57%
Katowice Dąb Kościół
57%
Katowice Katowice Sokolska
57%
Katowice Osiedle Tysiąclecia Zawiszy Czarnego
57%
Ruda Śląska Bielszowice Kokota
43%
Ruda Śląska Bielszowice Kopalnia
43%
Ruda Śląska Bielszowice Szpital
43%
Zabrze Guido Kopalnia Zabytkowa
43%
Ruda Śląska Kochłowice Rynek
43%
Katowice Osiedle Tysiąclecia Mieszka I
43%
Zabrze Pawłów Dom Kultury
43%
Zabrze Pawłów Kościół
43%
Zabrze Pawłów Łaskiego Przychodnia
43%
Zabrze Pawłów Szyb
43%
Ruda Śląska Wirek Kościół
43%
Ruda Śląska Wirek Mrówcza Górka
43%
Ruda Śląska Wirek Osiedle
43%
Ruda Śląska Wirek Przejazd Kolejowy
43%
Ruda Śląska Wirek Ratusz
43%
Zabrze Zabrze 3 Maja Szpital
43%
Zabrze Zabrze Jagiełły Targowisko
43%
Ruda Śląska Bielszowice Kolonia
29%
Ruda Śląska Bielszowice Na Piaski
29%
Chorzów Chorzów Batory Dworzec PKP
29%
Chorzów Chorzów Batory Urząd Skarbowy
29%
Chorzów Chorzów Batory Zajezdnia
29%
Katowice Katowice Chorzowska
29%
Ruda Śląska Kochłowice Kopalnia Nowy Wirek
29%
Ruda Śląska Kochłowice Tunkla
29%
Katowice Osiedle Tysiąclecia ZOO
29%
Świętochłowice Świętochłowice Mijanka
29%
Świętochłowice Zgoda Kościół
29%
Ruda Śląska Kochłowice Kolonia
14%
Ruda Śląska Kochłowice Krzyż
14%
Ruda Śląska Kochłowice Szyb Alina
14%
Katowice Załęże Dom Kultury
14%
Świętochłowice Zgoda Droga Kochłowicka
14%
Świętochłowice Zgoda Skrzyżowanie
14%
Ruda Śląska Bielszowice Przychodnia
0%
Nie znaleziono quizów pasujących do podanych kryteriów
Rozkład punktacji
Procent ludzi z każdym wynikiem
Percentyl według liczby udzielonych odpowiedzi
Twoja historia wyników
Nie rozwiązałeś tego quizu